| 000 | 01035nam a2200241Ia 4500 | ||
|---|---|---|---|
| 999 |
_c5123 _d5123 |
||
| 003 | OSt | ||
| 005 | 20200331111808.0 | ||
| 008 | 191128s1989 ck gr 000 0 spa d | ||
| 020 | _a9583331317 | ||
| 040 |
_aCO-JMCR _cCO-JMCR |
||
| 041 | 0 | _aspa | |
| 082 | 0 | 4 |
_a320.9 / _bZ811c _221 |
| 100 | 1 |
_aZuccardi, Piedad, _eautora _92260 |
|
| 245 | 1 | 0 |
_aColombia, una nación de desequilibrios regionales : _banálisis de políticas públicas / _cPiedad Zuccardi |
| 260 |
_aSincelejo : _bAsociados, _c1989 |
||
| 300 |
_a307 páginas ; _c20 cm |
||
| 504 | _aBibliografía: páginas 306-307 | ||
| 505 | 0 | _aLa inversión nacional y la inequidad intrarregional -- Aprender de la historia -- El túnel de la línea y la desproporción utilitaria intrarregional -- La región Caribe: búsqueda de la autonomía con desarrollo social | |
| 650 | 1 | 4 |
_aPolítica económica _zColombia _92261 |
| 650 | 1 | 4 |
_aInversiones públicas _zRegión Caribe (Colombia) _92262 |
| 650 | 1 | 4 |
_aRegión Caribe _xCondiciones económicas _zColombia _92263 |
| 942 |
_2ddc _cBK |
||